000 01205nam a22003137a 4500
003 dpl
005 20170515152525.0
008 160805b xxu||||| |||| 00| 0 eng d
010 _a1617EN ENG-116946
020 _c735.00
_a9780198728726
035 _aB-652048-059
035 _aEN-100478
035 _aB-669807
037 _bPragati
037 _bDBAD/PUB
040 _cDPL
082 1 4 _a541.3
100 1 _aAtkins, Peter
245 1 _aAtkins' physical chemistry /
_cby Peter Atkins, Julio de Paula
250 _a10th ed
260 _aNew Delhi
_bOxford University Press
_c2016
270 _aYMCA Library building, Jai Singh road
_bNew Delhi
_cDelhi
_dIndia
_e110001
300 _axxv, 1008 p. :
_c28 cm (pbk)
_bill
500 _aIncludes index
700 _aPaula, Julio de
942 _adpl
_cEN
_2ddc
_h541.3
_mATK
999 _c101819
_d101819